Teoría microeconómica: principios básicos y ampliaciones
Gespeichert in:
| 1. Verfasser: | |
|---|---|
| Format: | Buch |
| Sprache: | Spanisch |
| Veröffentlicht: |
Ciudad de México, México:
Thomson,
2008.
|
| Ausgabe: | Novena edición |
| Schlagworte: | |
| Online-Zugang: | Disponible Online |
| Tags: |
Tag hinzufügen
Keine Tags, Fügen Sie den ersten Tag hinzu!
|
MARC
| LEADER | 00000cam a2200000 a 4500 | ||
|---|---|---|---|
| 001 | UCI8073 | ||
| 003 | CL-VaPUC | ||
| 005 | 20240911124543.0 | ||
| 008 | 080807e20080000MX |||||||||||||||||spa|d | ||
| 999 | |c 331148 |d 331146 | ||
| 020 | |a 9789706865489 | ||
| 040 | |c Pontificia Universidad Católica de Valparaíso | ||
| 082 | 0 | 4 | |a 338.5 NIC 2008 |2 21 |
| 100 | |a Nicholson, Walter |e autor |9 417065 | ||
| 245 | 1 | 0 | |a Teoría microeconómica: principios básicos y ampliaciones |
| 250 | |a Novena edición | ||
| 260 | |a Ciudad de México, México: |b Thomson, |c 2008. | ||
| 300 | |a 671 páginas. | ||
| 505 | |a Parte 1: Introducción 1. Modelos económicos 2. Las matemáticas de la optimización. Parte 2: Elección y demanda 3. Preferencias y utilidad 4. Maximización de la utilidad y elección 5. Efecto ingreso y efecto sustitución 6. Relaciones de demanda entre bienes Parte 3: Producción y oferta 7. Funciones de producción 8. Funciones de costos 9. Maximización de las ganancias Parte 4: Mercados en competencia perfecta 10. Modelo de equilibrio parcial en competencia perfecta 11. Análisis aplicado de la competencia 12. Equilibrio general y bienestar Parte 5: Modelos de competencia imperfecta 13. Modelos de monopolio 14. Modelos tradicionales de competencia imperfecta 15. Modelo de teoría de juegos para determinar los precios Parte 6: Los precios en los mercados de factores 16. Mercado de trabajo 17. Mercado de capital Parte 7: Incertidumbre, información y externalidades 18. Incertidumbre y aversión al riesgo 19. Economía de la información 20. Externalidades y bienes públicos 21. Economía política Respuestas breves a las preguntas. Soluciones a los problemas impares. Glosario Índice | ||
| 583 | |a last modification |c 20130827 06:56:15 |k Rodrigo Vera | ||
| 650 | 0 | |a Microeconomía |9 258126 | |
| 650 | 0 | |a Oferta y demanda |9 255571 | |
| 650 | 0 | |a Competencia económica |9 256096 | |
| 650 | 0 | |a Economía de la información |9 889692 | |
| 650 | 0 | |a Mercado de trabajo |9 879563 | |
| 852 | |a BIBCUR | ||
| 856 | |u http://bibliografiadigital.pucv.cl.pucv.idm.oclc.org/index.php/bibliotecapucv/catalog/book/141 |y Disponible Online | ||
| 942 | |c BK |2 ddc | ||
| 945 | |d 20080807 00:00:00 |a rbrito | ||
| 952 | |0 0 |1 0 |4 0 |6 338_500000000000000_NIC_2008 |7 0 |8 R |9 417301 |a BIBENE |b BIBENE |d 2019-11-22 |i 4470737 |l 1 |o 338.5 NIC 2008 |p 4470737 |r 2025-01-15 |s 2022-04-01 |w 2019-11-22 |y BK_R |k ICO | ||
| 952 | |0 0 |1 0 |4 0 |6 338_500000000000000_NIC_2008 |7 0 |8 R |9 417303 |a BIBENE |b BIBENE |d 2019-11-22 |i 4544803 |l 2 |o 338.5 NIC 2008 |p 4544803 |r 2025-01-15 |s 2022-06-13 |w 2019-11-22 |y BK_R |k ICO | ||
| 952 | |0 0 |1 0 |4 0 |6 338_500000000000000_NIC_2008 |7 0 |8 R |9 417304 |a BIBENE |b BIBENE |d 2019-11-22 |i 4886801 |l 12 |m 1 |o 338.5 NIC 2008 |p 4886801 |r 2025-05-09 |s 2025-05-09 |w 2019-11-22 |y BK_R |k ICO | ||
| 952 | |0 0 |1 0 |4 0 |6 338_500000000000000_NIC_2008 |7 0 |8 R |9 417305 |a BIBENE |b BIBENE |d 2019-11-22 |i 488681K |l 4 |o 338.5 NIC 2008 |p 488681K |r 2025-01-15 |s 2024-08-16 |w 2019-11-22 |y BK_R |k ICO | ||
| 952 | |0 0 |1 0 |4 0 |6 338_500000000000000_NIC_2008 |7 0 |8 R |9 417306 |a BIBENE |b BIBENE |d 2019-11-22 |i 4886828 |l 9 |o 338.5 NIC 2008 |p 4886828 |r 2025-04-01 |s 2025-04-01 |w 2019-11-22 |y BK_R |k ICO | ||
| 952 | |0 0 |1 0 |4 0 |6 338_500000000000000_NIC_2008 |7 0 |8 R |9 417307 |a BIBENE |b BIBENE |d 2019-11-22 |i 4886836 |l 14 |m 2 |o 338.5 NIC 2008 |p 4886836 |q 2025-07-15 |r 2025-03-10 |s 2025-03-10 |w 2019-11-22 |y BK_R |k ICO | ||
| 952 | |0 0 |1 0 |4 0 |6 338_500000000000000_NIC_2008 |7 0 |8 R |9 417308 |a BIBENE |b BIBENE |d 2019-11-22 |i 4886844 |l 5 |o 338.5 NIC 2008 |p 4886844 |r 2025-01-15 |s 2024-08-09 |w 2019-11-22 |y BK_R |k ICO | ||
| 952 | |0 0 |1 0 |2 ddc |3 erb |4 0 |6 338_500000000000000_NIC_2008 |7 0 |8 R |9 417309 |a BIBENE |b BIBENE |d 2019-11-22 |i 5004748 |l 11 |o 338.5 NIC 2008 |p 5004748 |r 2025-01-15 |s 2024-10-02 |w 2019-11-22 |y BK_R |z Catalogado en:20130829 |k ICO | ||
| 952 | |0 0 |1 0 |3 erb |4 0 |6 338_500000000000000_NIC_2008 |7 0 |8 R |9 417310 |a BIBENE |b BIBENE |d 2019-11-22 |i 5004756 |l 4 |o 338.5 NIC 2008 |p 5004756 |r 2025-01-15 |s 2022-06-15 |w 2019-11-22 |y BK_R |z Catalogado en:20130829 |k ICO | ||